| 000 | 00734nam a22002177a 4500 | ||
|---|---|---|---|
| 003 | OSt | ||
| 005 | 20251120092759.0 | ||
| 008 | 251120b |||||||| |||| 00| 0 eng d | ||
| 020 | _a0-397-54419-7 | ||
| 040 |
_aDWC-Main lib _cOC |
||
| 082 | _aCirc. 610.73 B877 1984 | ||
| 100 | _aBrunner, L. | ||
| 245 |
_aTextbook of medical-surgical nursing _cBrunner, Lilian Sholtis |
||
| 260 |
_as.n. : _b J. B. Lippincott company, _cc1984 |
||
| 300 |
_axvii, 1638 pages : _billustration : _c 28 cm. |
||
| 504 | _aIncludes bibliographical references and index | ||
| 650 | _2Nursing | ||
| 650 | _2Surgical nursing | ||
| 700 | _aSuddarth, Doris S. | ||
| 942 |
_2ddc _cBK-CIRC _hCirc. 610.73 B877 1984 _kCirc. _n0 |
||
| 999 |
_c5847 _d5847 |
||